00372pab a2200133 454500008004000000100002200040245007000062260000900132300001100141362001200152650003100164650002300195773002000218180718b2012 xxu||||| |||| 00| 0 eng d aHussain, Shamshad aLearning without borders: A review of distance education in India c2012 ap.1-5. a25 June aDistance education - India aDistance education aUniversity News